Brazil City Quiz - Statistics

General Stats
  • This quiz has been taken 31 times
  • The average score is 10 of 14
Answer Stats
City % Correct
Rio de Janeiro
100%
Sao Paulo
100%
Brasilia
96%
Manaus
96%
Belo Horizonte
83%
Recife
79%
Porto Alegre
75%
Salvador
75%
Fortaleza
71%
Belem
67%
Curitiba
63%
Campinas
50%
Goiania
42%
Guarulhos
13%
No matching quizzes found
Score Distribution
Percent of People with Each Score
Percentile by Number Answered
Your Score History
You have not taken this quiz